Datum a čas kvízu
39.5
Celkem bodů
Celkový počet nahraných bodů na tomto kvízu bez doplňovacích otázek.
1.
Pořadí na kvízu
Konečné umístění týmu na tomto kvízu.
Zaznamenané odpovědi
| # | Otázka | Odpověď | Body | Výsledky |
|---|---|---|---|---|
| 1. | Minulý týden jsme se dozvěděli... | Jan Graubner | 1 | |
| 2. | Největším žijícím psem na svět... | C) německou dogu | 0 | |
| 3. | Jak se nazývá zahraniční kapel... | Rammstein | 1 | |
| 4. | V pátek byl otevřen nejdelší p... | v České republice | 1 | |
| 5. | Jak se jmenuje český fotbalový... | Bořek Dočkal | 1 | |
| 6. | Podíváme se na nejrůznější omy... | Václav Lohniský, Josef Dvořák | 1 | |
| 7. | Jeden z nejslavnějších mořepla... | Vespucci | 1 | |
| 8. | Snad jsem si zmýlil odjezd vla... | Poslední kovboj, Michal Tučný | 0 | |
| 9. | Slavná liška, hrdinka lyrické... | Rudolf Těsnohlídek, Leoš Janáček | 1 | |
| 10. | A na závěr si připomeneme jedn... | Tomáš Hanák, Oskar | 1 |